| 000 -LEADER |
| fixed length control field |
01616nam a2200289 a 4500 |
| 001 - CONTROL NUMBER |
| control field |
ASIN1592536204 |
| 003 - CONTROL NUMBER IDENTIFIER |
| control field |
OSt |
| 005 - DATE AND TIME OF LATEST TRANSACTION |
| control field |
20180116192417.0 |
| 008 - FIXED-LENGTH DATA ELEMENTS--GENERAL INFORMATION |
| fixed length control field |
130726s2010 xxu eng d |
| 020 ## - INTERNATIONAL STANDARD BOOK NUMBER |
| International Standard Book Number |
1592536204 (library binding) |
| Terms of availability |
$30.00 |
| 020 ## - INTERNATIONAL STANDARD BOOK NUMBER |
| International Standard Book Number |
9781592536207 |
| 020 ## - INTERNATIONAL STANDARD BOOK NUMBER |
| International Standard Book Number |
9781592536207 (library binding) |
| 040 ## - CATALOGING SOURCE |
| Transcribing agency |
00 |
| 082 ## - DEWEY DECIMAL CLASSIFICATION NUMBER |
| Classification number |
745.4 |
| 100 1# - MAIN ENTRY--PERSONAL NAME |
| Personal name |
Friedenberg, Jay. |
| 9 (RLIN) |
6751 |
| 245 10 - TITLE STATEMENT |
| Title |
1001 symmetrical patterns : |
| Remainder of title |
a complete resource of pattern designs created by evolving symmetrical shapes / |
| Statement of responsibility, etc. |
Jay Friedenberg and Jacob Roesch. |
| 250 ## - EDITION STATEMENT |
| Edition statement |
Pap/Cdr ed. |
| 260 ## - PUBLICATION, DISTRIBUTION, ETC. |
| Place of publication, distribution, etc. |
Beverly : |
| Name of publisher, distributor, etc. |
Rockport Publishers, |
| Date of publication, distribution, etc. |
2010. |
| 300 ## - PHYSICAL DESCRIPTION |
| Extent |
208 p. ; |
| Dimensions |
23 cm. |
| 520 ## - SUMMARY, ETC. |
| Summary, etc. |
Artists, graphic designers, and craftspeople are always looking for new sources of inspiration and new ideas to incorporate into their work. This book is an extensive print and electronic library of symmetrical patterns in changing arrangements and colorways, inspired by traditional iconic motifs found in various cultures throughout history. The patterns are suited to many applications, including quilt, tile, fabric, jewelry, architectural, product, website, and graphic design. The enclosed CD-ROM allows the reader to reproduce, resize, or otherwise modify all of the designs for his or her own purposes. |
| 650 ## - SUBJECT ADDED ENTRY--TOPICAL TERM |
| Topical term or geographic name entry element |
Repetitive patterns (Decorative arts) |
| 9 (RLIN) |
6752 |
| 650 ## - SUBJECT ADDED ENTRY--TOPICAL TERM |
| Topical term or geographic name entry element |
Symmetry (Art) |
| 9 (RLIN) |
6753 |
| 700 1# - ADDED ENTRY--PERSONAL NAME |
| Personal name |
Roesch, Jacob. |
| 9 (RLIN) |
6754 |
| 856 40 - ELECTRONIC LOCATION AND ACCESS |
| Materials specified |
Amazon.com |
| Uniform Resource Identifier |
<a href="http://www.amazon.com/exec/obidos/ASIN/1592536204/chopaconline-20">http://www.amazon.com/exec/obidos/ASIN/1592536204/chopaconline-20</a> |
| 942 ## - ADDED ENTRY ELEMENTS (KOHA) |
| Source of classification or shelving scheme |
|
| Koha item type |
Book |